Normal view MARC view
  • Project Supervisor Dr. Saifullah Awan

Entry Corporate Name

Number of records used in: 1

001 - CONTROL NUMBER

  • control field: 128261

003 - CONTROL NUMBER IDENTIFIER

  • control field: NUST

005 - DATE AND TIME OF LATEST TRANSACTION

  • control field: 20250312140346.0

008 - FIXED-LENGTH DATA ELEMENTS

  • fixed length control field: 250312|| aca||aabn | a|a d

040 ## - CATALOGING SOURCE

  • Original cataloging agency: NUST
  • Transcribing agency: NUST

110 ## - HEADING--CORPORATE NAME

  • Corporate name or jurisdiction name as entry element: Project Supervisor Dr. Saifullah Awan

670 ## - SOURCE DATA FOUND

  • Source citation: Work cat.: (NUST): M. Suleiman Faisal Iqra chanar Ibtesham Ali Asad Shahab khan 128260, PR-SOF-2409-Design and Implementation of a Hydroponic Automated System for Indoor Agriculture, 2024.
© 2023 Central Library, National University of Sciences and Technology. All Rights Reserved.